| 000 | 00425nam a22001817a 4500 | ||
|---|---|---|---|
| 003 | CEME | ||
| 005 | 20210628205025.0 | ||
| 008 | 210222b xxu||||| |||| 00| 0 eng d | ||
| 020 | _a0-7897-0826-4 | ||
| 040 | _c. | ||
| 082 | _a004.69 STE'U | ||
| 100 |
_aSteinberg, Gene _973477 |
||
| 245 | _aUsing america online | ||
| 260 |
_aLONDON _bQUE _c1996 |
||
| 300 | _a414P | ||
| 650 |
_a ACC NO-30229 _973478 |
||
| 942 |
_cBK _2ddc |
||
| 999 |
_c579208 _d579208 |
||